Devinez le Département Mystère #50 - Statistiques

Statistiques générales
  • Ce quiz a été pris 190 fois
  • Le résultat moyen est 27 sur 33
Statistiques - réponses
Type de Réponse Réponse % Correct
Lettre Trouvée A
99%
Lettre Trouvée E
99%
Lettre de l'Alphabet R
99%
Lettre Trouvée N
98%
Lettre de l'Alphabet S
97%
Lettre de l'Alphabet I
96%
Lettre de l'Alphabet O
96%
Lettre de l'Alphabet L
95%
Lettre de l'Alphabet T
94%
Lettre de l'Alphabet D
90%
Lettre Trouvée H
90%
Lettre Trouvée C
89%
Lettre de l'Alphabet V
89%
Lettre de l'Alphabet U
88%
Lettre Bien Placée E
84%
Lettre de l'Alphabet B
80%
Lettre Trouvée M
80%
Lettre de l'Alphabet G
79%
Lettre de l'Alphabet P
79%
Lettre de l'Alphabet Y
78%
Lettre Bien Placée A
74%
Lettre de l'Alphabet F
72%
Lettre Bien Placée N
72%
Lettre de l'Alphabet Q
70%
Lettre de l'Alphabet Z
69%
Lettre Bien Placée H
66%
Lettre de l'Alphabet J
66%
Lettre de l'Alphabet X
64%
Lettre Bien Placée C
63%
Lettre de l'Alphabet K
63%
Lettre Bien Placée M
63%
Département Mystère Manche
63%
Lettre de l'Alphabet W
63%
Aucun quiz correspondant
Distribution des résultats
% des personnes avec chaque résultat
Percentile par nombre de réponses
Votre historique - résultats
Vous n’avez pas pris ce quiz